Normal view
MARC view
- Khan Sultan Ahmed
Entry Personal Name
001 - CONTROL NUMBER
- control field: 1116
003 - CONTROL NUMBER IDENTIFIER
- control field: OSt
005 - DATE AND TIME OF LATEST TRANSACTION
- control field: 20160722130113.0
008 - FIXED-LENGTH DATA ELEMENTS
- fixed length control field: 160722|| aca||aabn | a|a d
040 ## - CATALOGING SOURCE
- Original cataloging agency: OSt
- Transcribing agency: OSt
100 ## - HEADING--PERSONAL NAME
- Personal name: Khan Sultan Ahmed
670 ## - SOURCE DATA FOUND
- Source citation: Work cat.: (OSt): Khan Sultan Ahmed, Prospective on Urban Agriculture and Organic Farming, 2013
